| 000 | 01024nam a2200277Ia 4500 | ||
|---|---|---|---|
| 003 | OSt | ||
| 005 | 20221005105058.0 | ||
| 006 | a|||||r|||| 00| 0 | ||
| 007 | ta | ||
| 008 | 221004b |||||||| |||| 00| 0 hin d | ||
| 020 | _cINR 50.00 | ||
| 024 | _a37651 | ||
| 037 |
_b1516, 21/02/2018, Bookwell _cTextual |
||
| 040 |
_aCRL _cCRL _bhin |
||
| 041 |
_2hin _ahin |
||
| 082 | _aO15,2:g, 152N3 | ||
| 100 | _aकाले, मनोहर, ले. | ||
| 245 | 0 | _aभारतीय नाट्य सौन्दर्य | |
| 246 | _aBhāratīya nāṭya saundarya | ||
| 260 |
_aदिल्ली _bहिंदी माध्यम कार्यान्वय निदेशालय भारत _c1993 |
||
| 300 |
_a200पृ0 _ccm. |
||
| 650 | _a संस्कृत साहित्य | ||
| 650 | _aहिन्दी साहित्य | ||
| 942 |
_hO15,2:g, 152N3 _cTEXL _2cc |
||
| 999 |
_c1014688 _d1014688 |
||